[Event "EST-ch"]
[Site "Tallinn"]
[Date "2003.05.20"]
[Round "3.2"]
[White "Cheutshenko, Robert"]
[Black "Shishkov, Andrei"]
[Result "0-1"]
[WhiteElo "2409"]
[BlackElo "2365"]
[PlyCount "92"]
[EventDate "2003.05.17"]
[EventType "k.o."]
[EventRounds "6"]
[EventCountry "EST"]
[SourceTitle "CBM 094 Extra"]
[Source "ChessBase"]
[SourceDate "2003.07.09"]
[SourceVersion "2"]
[SourceVersionDate "2003.07.09"]
[SourceQuality "1"]

1. e4 c5 2. c3 Nf6 3. e5 Nd5 4. Nf3 b6 5. d4 cxd4 6. cxd4 e6 7. Nc3 Nxc3 8. bxc3 Qc7 9. Bd2 Be7 10. Bd3 Ba6 11. Bxa6 Nxa6 12. Qe2 Nb8 13. 0-0 0-0 14. Rac1 d6 15. c4 dxe5 16. Nxe5 Nd7 17. Nf3 Rfe8 18. Rfd1 Rac8 19. Re1 Bd6 20. h3 Qc6 21. Qd3 h6 22. Qb3 Nf6 23. a4 Ne4 24. Be3 Bb8 25. Re2 f5 26. Rcc2 Kh7 27. Qa2 e5 28. dxe5 Bxe5 29. Nxe5 Rxe5 30. Bd4 Ra5 31. f3 Nf6 32. Qb2 Rxa4 33. Re7 Kg6 34. Rce2 Qxc4 35. Bxf6 gxf6 36. Rd7 Qc1+ 37. Qxc1 Rxc1+ 38. Kf2 f4 39. g4 fxg3+ 40. Kxg3 h5 41. Ree7 h4+ 42. Kf2 Ra2+ 43. Ke3 Re1+ 44. Kf4 Rxe7 45. Rxe7 Ra4+ 46. Ke3 a5 0-1

[Event "EST-chT"]
[Site "Parnu/Tallinn"]
[Date "2001.04.06"]
[Round "?"]
[White "Cheutshenko, Robert"]
[Black "Krupenski, Juri"]
[Result "0-1"]
[WhiteElo "2417"]
[BlackElo "2211"]
[PlyCount "62"]
[EventDate "2001.04.06"]
[EventType "team"]
[EventRounds "8"]
[EventCountry "EST"]
[SourceTitle "CBM 081 Extra"]
[Source "ChessBase"]
[SourceDate "2001.05.06"]
[SourceVersion "1"]
[SourceVersionDate "2001.05.06"]
[SourceQuality "1"]

1. e4 c5 2. Nf3 g6 3. d4 Bg7 4. dxc5 Qa5+ 5. Nc3 Bxc3+ 6. bxc3 Qxc3+ 7. Bd2 Qxc5 8. Rb1 Nf6 9. Bd3 d6 10. 0-0 0-0 11. Rb5 Qc7 12. Qa1 Nbd7 13. Bc3 b6 14. e5 dxe5 15. Nxe5 Ba6 16. Nxd7 Nxd7 17. Rd5 Bb7 18. Rg5 f6 19. Rg3 Rac8 20. Bb4 Ne5 21. f4 Nxd3 22. cxd3 a5 23. Bd2 Qc2 24. Qe1 Qxa2 25. f5 Kf7 26. Rf2 Qd5 27. Rh3 Rh8 28. Re2 Qc5+ 29. Kh1 gxf5 30. d4 Qd6 31. Rhe3 Be4 0-1

[Event "EST-chT"]
[Site "Parnu/Tallinn"]
[Date "2001.04.06"]
[Round "?"]
[White "Krupenski, Juri"]
[Black "Cheutshenko, Robert"]
[Result "0-1"]
[WhiteElo "2211"]
[BlackElo "2417"]
[PlyCount "63"]
[EventDate "2001.04.06"]
[EventType "team"]
[EventRounds "8"]
[EventCountry "EST"]
[SourceTitle "CBM 081 Extra"]
[Source "ChessBase"]
[SourceDate "2001.05.06"]
[SourceVersion "1"]
[SourceVersionDate "2001.05.06"]
[SourceQuality "1"]

1. e4 c5 2. Nf3 Nc6 3. d4 cxd4 4. Nxd4 Nf6 5. Nc3 e5 6. Ndb5 d6 7. Nd5 Nxd5 8. exd5 Nb8 9. c4 a6 10. Nc3 Be7 11. Be2 0-0 12. 0-0 f5 13. Kh1 Nd7 14. f4 Bf6 15. Be3 exf4 16. Bxf4 Ne5 17. Qd2 Bd7 18. Rac1 Qe7 19. c5 Kh8 20. Rfd1 Rae8 21. Re1 dxc5 22. d6 Qe6 23. Qd5 Ng6 24. Bd2 Qxd5 25. Nxd5 Bxb2 26. Rxc5 Bc6 27. Bh5 Rxe1+ 28. Bxe1 Rd8 29. Bxg6 hxg6 30. Bg3 Ba3 31. Rc3 Bxd6 32. Ne3 0-1

[Event "EST-ch"]
[Site "Tallinn"]
[Date "2000.05.03"]
[Round "5"]
[White "Sepp, Olav"]
[Black "Cheutshenko, Robert"]
[Result "1/2-1/2"]
[WhiteElo "2414"]
[BlackElo "2347"]
[PlyCount "104"]
[EventDate "2000.04.27"]
[EventType "tourn"]
[EventRounds "9"]
[EventCountry "EST"]
[EventCategory "7"]
[SourceTitle "CBM 075 Extra"]
[Source "ChessBase"]
[SourceDate "2000.05.11"]
[SourceVersion "2"]
[SourceVersionDate "2000.05.11"]
[SourceQuality "1"]

1. e4 c5 2. Nc3 Nc6 3. g3 g6 4. Bg2 Bg7 5. d3 d6 6. Nh3 e5 7. f4 Nge7 8. 0-0 exf4 9. gxf4 f5 10. Be3 0-0 11. Qd2 Rb8 12. Rae1 b5 13. Nd5 b4 14. e5 dxe5 15. Nxe7+ Nxe7 16. Bxc5 Rb5 17. Qf2 e4 18. Kh1 Qc7 19. d4 Rd8 20. c4 bxc3 21. bxc3 h6 22. a4 Rb3 23. Qa2 Be6 24. Rb1 Rdb8 25. Bb4 Nc6 26. Rxb3 Qf7 27. Qa3 Bxb3 28. Bd6 Rb7 29. Rc1 Qc4 30. Bf1 Qxa4 31. Qxa4 Bxa4 32. d5 Na5 33. c4 Bb2 34. Re1 Bb3 35. Be5 Bxc4 36. d6 Bxf1 37. Rxf1 Nc4 38. Rb1 a5 39. Bxb2 Nxb2 40. d7 Rxd7 41. Rxb2 a4 42. Rb6 Ra7 43. Rxg6+ Kf7 44. Rg2 a3 45. Ra2 Ke6 46. Ng1 Kd5 47. Ne2 Kc4 48. Kg2 Kb4 49. Kf2 Rc7 50. Rd2 Rc4 51. Ke3 Kb3 52. Nd4+ Rxd4 1/2-1/2

[Event "EST-chT Cup"]
[Site "Tallinn"]
[Date "2000.02.25"]
[Round "?"]
[White "Cheutshenko, Robert"]
[Black "Liiva, Riho"]
[Result "1-0"]
[WhiteElo "2347"]
[BlackElo "2420"]
[PlyCount "49"]
[EventDate "2000.02.25"]
[EventType "team"]
[EventRounds "10"]
[EventCountry "EST"]
[SourceTitle "EXT 2001"]
[Source "ChessBase"]
[SourceDate "2000.11.22"]
[SourceVersion "1"]
[SourceVersionDate "2000.11.22"]
[SourceQuality "1"]

1. e4 e5 2. Nf3 Nf6 3. d4 Nxe4 4. Bd3 Nc6 5. dxe5 Nc5 6. 0-0 d5 7. Nc3 Nxd3 8. Qxd3 Nb4 9. Qe2 Bg4 10. Rd1 c6 11. a3 Na6 12. Ne4 Qc8 13. Ng3 Be7 14. h3 Be6 15. Bg5 Bxg5 16. Nxg5 h6 17. Nxe6 Qxe6 18. c4 Nc7 19. f4 Qg6 20. Kh2 0-0 21. f5 Qg5 22. Rd4 h5 23. Nxh5 Qxf5 24. Rf1 Qe6 25. Nf6+ 1-0

[Event "EST-chT Cup"]
[Site "Tallinn"]
[Date "2000.02.25"]
[Round "?"]
[White "Kiik, Kalle"]
[Black "Cheutshenko, Robert"]
[Result "1-0"]
[WhiteElo "2445"]
[BlackElo "2347"]
[PlyCount "65"]
[EventDate "2000.02.25"]
[EventType "team"]
[EventRounds "10"]
[EventCountry "EST"]
[SourceTitle "EXT 2001"]
[Source "ChessBase"]
[SourceDate "2000.11.22"]
[SourceVersion "1"]
[SourceVersionDate "2000.11.22"]
[SourceQuality "1"]

1. Nf3 Nf6 2. g3 g6 3. b3 Bg7 4. Bb2 0-0 5. Bg2 d6 6. d4 Nbd7 7. 0-0 e5 8. dxe5 Ng4 9. c4 Ngxe5 10. Nxe5 Nxe5 11. Qd2 Rb8 12. Nc3 a6 13. Rad1 Be6 14. Nd5 b5 15. f4 Bxd5 16. cxd5 Ng4 17. Bxg7 Kxg7 18. e4 Re8 19. h3 Nf6 20. Qc3 Kg8 21. e5 b4 22. Qd4 Nd7 23. e6 Nc5 24. f5 Qg5 25. f6 Qxg3 26. e7 Nd7 27. Rc1 Ne5 28. Rxc7 g5 29. Qf2 Qxf2+ 30. Rxf2 Ng6 31. Bf1 Nf4 32. Rxf4 gxf4 33. Rc6 1-0

[Event "EST-ch"]
[Site "Tallinn"]
[Date "1999.05.06"]
[Round "6"]
[White "Schuls, Olev"]
[Black "Cheutshenko, Robert"]
[Result "1/2-1/2"]
[WhiteElo "2200"]
[BlackElo "2357"]
[PlyCount "157"]
[EventDate "1999.05.??"]
[EventType "tourn"]
[EventRounds "9"]
[EventCountry "EST"]
[EventCategory "6"]
[SourceTitle "CBM 070 Extra"]
[Source "ChessBase"]
[SourceDate "1999.07.10"]
[SourceVersion "1"]
[SourceVersionDate "1999.07.10"]
[SourceQuality "1"]

1. e4 e5 2. Nf3 Nc6 3. Bc4 Nf6 4. d3 Be7 5. Bb3 0-0 6. c3 d5 7. Nbd2 Bg4 8. h3 Bh5 9. 0-0 a5 10. Re1 b5 11. a4 b4 12. Qe2 bxc3 13. bxc3 Rb8 14. g4 Bg6 15. Rb1 Bc5 16. Bc2 Bb6 17. Nb3 h6 18. Ba3 Re8 19. Kh2 dxe4 20. dxe4 Nh7 21. Bc1 Qe7 22. Bd3 Nd8 23. Nxa5 Qf6 24. Nc4 Ne6 25. Nxb6 cxb6 26. Bc4 Nf4 27. Bxf4 Qxf4+ 28. Kg2 Nf6 29. Nd2 Red8 30. Rb2 Rbc8 31. f3 h5 32. Rc2 Rc6 33. Bb5 Rcd6 34. Nc4 Rd3 35. Ne3 Nxe4 36. Bxd3 Qg3+ 37. Kf1 Qxh3+ 38. Qg2 Ng3+ 39. Kf2 Qxg2+ 40. Kxg2 Bxd3 41. Rd2 h4 42. Kh3 g5 43. Nc4 e4 44. fxe4 Rc8 45. Rxd3 Rxc4 46. e5 Ne4 47. Rde3 Nc5 48. Rb1 Rxa4 49. Rxb6 Ra2 50. Rf6 Ne6 51. Ref3 Ra7 52. Kg2 Rc7 53. R6f5 Ra7 54. Kf2 Rc7 55. Ke2 Rc4 56. Rxf7 Rxg4 57. R7f6 Re4+ 58. Kf2 Rxe5 59. Re3 Nf4 60. Rxe5 Nd3+ 61. Ke3 Nxe5 62. Ke4 Nf7 63. Kf5 Kg7 64. Rg6+ Kf8 65. Re6 h3 66. Re2 Nd6+ 67. Kg4 Nb5 68. c4 Nd4 69. Rd2 Nb3 70. Rb2 h2 71. Rxh2 Ke7 72. Rb2 Na5 73. Rb4 Kd6 74. Kxg5 Nc6 75. Rb5 Ne5 76. Rd5+ Ke6 77. Rc5 Kd6 78. Kf5 Kxc5 79. Kxe5 1/2-1/2

[Event "EST-ch"]
[Site "Tallinn"]
[Date "1999.05.04"]
[Round "4"]
[White "Cheutshenko, Robert"]
[Black "Zjukin, Sergei"]
[Result "1-0"]
[WhiteElo "2357"]
[BlackElo "2398"]
[PlyCount "93"]
[EventDate "1999.05.??"]
[EventType "tourn"]
[EventRounds "9"]
[EventCountry "EST"]
[EventCategory "6"]
[SourceTitle "CBM 070 Extra"]
[Source "ChessBase"]
[SourceDate "1999.07.10"]
[SourceVersion "1"]
[SourceVersionDate "1999.07.10"]
[SourceQuality "1"]

1. e4 e5 2. Nf3 Nc6 3. Bb5 a6 4. Ba4 Nf6 5. 0-0 Be7 6. Re1 b5 7. Bb3 d6 8. c3 0-0 9. h3 Bb7 10. d4 Re8 11. Nbd2 Bf8 12. a4 h6 13. d5 Nb8 14. Qe2 c6 15. dxc6 Bxc6 16. axb5 Bxb5 17. c4 Bc6 18. Ba4 a5 19. Nb1 Nfd7 20. Nc3 Bb7 21. Be3 Nc6 22. Red1 Qb8 23. Nh4 Nc5 24. Nf5 Re6 25. Nd5 Nd4 26. Nxd4 exd4 27. Rxd4 Nxa4 28. Rxa4 Qe8 29. Qc2 Qc6 30. f3 Be7 31. Rd1 Bd8 32. Bd4 Qe8 33. Nf4 Re7 34. Ra3 Bc6 35. Qc3 f6 36. Bf2 Rb7 37. Nd5 Rab8 38. Ra2 Qe5 39. Bd4 Qg3 40. Ne3 Rb3 41. Qd2 Qg6 42. Kh1 Qf7 43. Qe2 a4 44. Nf5 Bc7 45. Ba7 R8b7 46. Nd4 Rxa7 47. Nxb3 1-0

[Event "EST-ch"]
[Site "Tallinn"]
[Date "1999.05.02"]
[Round "2"]
[White "Cheutshenko, Robert"]
[Black "Shvyrjov, Igor"]
[Result "0-1"]
[WhiteElo "2357"]
[BlackElo "2346"]
[PlyCount "196"]
[EventDate "1999.05.??"]
[EventType "tourn"]
[EventRounds "9"]
[EventCountry "EST"]
[EventCategory "6"]
[SourceTitle "CBM 070 Extra"]
[Source "ChessBase"]
[SourceDate "1999.07.10"]
[SourceVersion "1"]
[SourceVersionDate "1999.07.10"]
[SourceQuality "1"]

1. e4 g6 2. d4 Bg7 3. Nc3 d6 4. Bg5 a6 5. f4 b5 6. Nf3 Bb7 7. a4 b4 8. Nd5 Nf6 9. Bxf6 exf6 10. Bc4 0-0 11. 0-0 a5 12. f5 c6 13. Nf4 d5 14. exd5 cxd5 15. Bb5 Bc8 16. fxg6 hxg6 17. Nd3 Bf5 18. Qd2 Be4 19. c3 bxc3 20. Qxc3 Na6 21. Nc5 Nb4 22. Rae1 Rc8 23. Qd2 f5 24. Rc1 Rc7 25. Kh1 Bf6 26. Rc3 Kg7 27. Qf4 Re7 28. Ne5 Rh8 29. Ncd7 Bh4 30. Kg1 f6 31. Nf3 Bxf3 32. Rfxf3 Re1+ 33. Rf1 Qe7 34. Qc7 Rxf1+ 35. Bxf1 Be1 36. Nb6 Re8 37. Nc8 Qxc7 38. Rxc7+ Kh6 39. Nd6 Re6 40. Nf7+ Kh5 41. g3 f4 42. Nd8 Re3 43. Rh7+ Kg5 44. Nf7+ Kf5 45. Nd6+ Ke6 46. Nc8 fxg3 47. hxg3 Rxg3+ 48. Kh2 Nc6 49. Bb5 Nxd4 50. Re7+ Kf5 51. Rxe1 Kf4 52. Be2 Rb3 53. Rf1+ Ke5 54. Bd1 Rxb2+ 55. Kg1 Nf5 56. Na7 Ne3 57. Re1 Kf4 58. Be2 Ra2 59. Bb5 d4 60. Nc6 Ke4 61. Nxa5 d3 62. Nc4 d2 63. Rxe3+ Kd4 64. Nxd2 Kxe3 65. Nc4+ Kd4 66. Nd6 g5 67. Bd7 Ke5 68. Nf7+ Kf4 69. Nh6 Rd2 70. Bc8 Rd8 71. Bb7 Rb8 72. Bc6 Rb1+ 73. Kf2 g4 74. Bb5 Rb2+ 75. Kg1 Rc2 76. Bd7 Rc7 77. Be6 Rc6 78. Bd7 Rc1+ 79. Kg2 Rc2+ 80. Kg1 Rd2 81. Bc8 Rd8 82. Be6 g3 83. Kg2 Rd2+ 84. Kg1 Rd4 85. Bb3 Rb4 86. Bc2 Rb2 87. Bd3 Kf3 88. Nf5 Rd2 89. Bf1 Rb2 90. Nd4+ Kg4 91. Bb5 f5 92. Ne6 Kf3 93. Bc6+ Ke3 94. Ng7 Kf4 95. Bd7 Kf3 96. Bc6+ Kg4 97. Ne6 Rd2 98. Nf8 Kh3 0-1

[Event "EST-chT"]
[Site "Tallinn"]
[Date "1998.??.??"]
[Round "2"]
[White "Cheutshenko, Robert"]
[Black "Sepp, Olav"]
[Result "1/2-1/2"]
[WhiteElo "2365"]
[BlackElo "2400"]
[PlyCount "120"]
[EventDate "1998.??.??"]
[EventType "team"]
[EventRounds "10"]
[EventCountry "EST"]
[SourceTitle "EXT 1999"]
[Source "ChessBase"]
[SourceDate "1998.11.16"]
[SourceVersion "1"]
[SourceVersionDate "1998.11.16"]
[SourceQuality "1"]

1. e4 e5 2. Nf3 Nc6 3. Bb5 a6 4. Ba4 Nf6 5. 0-0 b5 6. Bb3 Bc5 7. a4 Rb8 8. d3 d6 9. axb5 axb5 10. Be3 Bxe3 11. fxe3 0-0 12. Nc3 Be6 13. Bxe6 fxe6 14. Ne2 Ra8 15. c3 Rxa1 16. Qxa1 Ng4 17. Qc1 d5 18. Rd1 dxe4 19. dxe4 Qe7 20. h3 Nf6 21. Ng3 Qc5 22. Kh2 h6 23. Qd2 Rd8 24. Qe2 Rxd1 25. Qxd1 Kf7 26. Qd3 b4 27. cxb4 Nxb4 28. Qc4 Qxc4 29. Nxe5+ Ke7 30. Nxc4 Nd3 31. Kg1 Nc5 32. Nd2 Nd3 33. b3 Kd6 34. Ne2 Kc5 35. Nd4 e5 36. Ne6+ Kb4 37. Nxc7 Kc3 38. Nf3 Nxe4 39. Nh4 g5 40. Nf5 h5 41. Ne8 Kxb3 42. Nfd6 Ndc5 43. Nf7 Kc3 44. Nxe5 Kd2 45. Ng7 Kxe3 46. Nxh5 Ne6 47. Ng4+ Ke2 48. Kh2 Nd2 49. Ng3+ Kd3 50. Kg1 Kd4 51. Kf2 Ne4+ 52. Nxe4 Kxe4 53. g3 Nd4 54. Nh2 Ne6 55. Nf1 Nd4 56. Nd2+ Kf5 57. Nf1 Ke5 58. Kg2 Kf5 59. Kf2 Nc2 60. Ke2 Nb4 1/2-1/2